000 00220 a2200097 4500
001 10138
100 _aWheare, K C
245 _aStatute of westminster and dominion status
260 _a
_bOxford
_c
090 _c7882
_d7882
942 _aNUST-CAE
_cM
_c34580
999 _c245211
_d245211